书目信息 |
| 题名: |
不打不骂教出好孩子
|
|
| 作者: | 卜翔宇 编著 | |
| 分册: | ||
| 出版信息: | 北京 北京工艺美术出版社 2017 |
|
| 页数: | 246页 | |
| 开本: | 24cm | |
| 丛书名: | ||
| 单 册: | ||
| 中图分类: | G780 | |
| 科图分类: | ||
| 主题词: | 家庭教育--教育方法 | |
| 电子资源: | ||
| ISBN: | 978-7-5140-1305-4 | |
| 000 | 01017nam0 2200229 450 | |
| 001 | 012001004160 | |
| 005 | 20130128101753.0 | |
| 010 | @a978-7-5140-1305-4@dCNY32.00 | |
| 100 | @a20181129d2017 em y0chiy50 ea | |
| 101 | 0 | @achi |
| 102 | @aCN@b110000 | |
| 105 | @ay z 000yy | |
| 106 | @ar | |
| 200 | 1 | @a不打不骂教出好孩子@9bu da bu ma jiao chu hao hai zi@f卜翔宇编著 |
| 210 | @a北京@c北京工艺美术出版社@d2017 | |
| 215 | @a246页@d24cm | |
| 330 | @a本书立足于当代中国的教育文化背景,收集了大量可资中国父母借鉴的东、西方家庭教育案例并做出深入分析,介绍了国内外先进的家庭教育思想和最具成效的育儿方法,让父母从中获得受益无穷的育儿智慧和启示。此外,针对中国家庭教育中普遍存在的问题和误区,提出了科学的解决办法;并介绍了为人父母者不可不知的教育学、心理学方面的知识、方法、技巧,帮助家长根据孩子的兴趣爱好,制订出合理的培养计划,培养出优秀的孩子。 | |
| 606 | 0 | @a家庭教育@x教育方法 |
| 690 | @aG780@v5 | |
| 701 | 0 | @a卜翔宇@9bu xiang yu@4编著 |
| 801 | 0 | @aCN@b江苏凤凰@c20191020 |
| 905 | @b1219535-8@dG780@e1084@f4 | |
| 不打不骂教出好孩子/卜翔宇编著.-北京:北京工艺美术出版社,2017 |
| 246页;24cm |
| ISBN 978-7-5140-1305-4:CNY32.00 |
| 本书立足于当代中国的教育文化背景,收集了大量可资中国父母借鉴的东、西方家庭教育案例并做出深入分析,介绍了国内外先进的家庭教育思想和最具成效的育儿方法,让父母从中获得受益无穷的育儿智慧和启示。此外,针对中国家庭教育中普遍存在的问题和误区,提出了科学的解决办法;并介绍了为人父母者不可不知的教育学、心理学方面的知识、方法、技巧,帮助家长根据孩子的兴趣爱好,制订出合理的培养计划,培养出优秀的孩子。 |
| ● |
| 相关链接 |
|
|
|
|
正题名:不打不骂教出好孩子
索取号:G780/1084
 
预约/预借
| 序号 | 登录号 | 条形码 | 馆藏地/架位号 | 状态 | 备注 |
| 1 | 1219535 | 212195355 | 第一样本阅览室/ [索取号:G780/1084] | 在馆 | |
| 2 | 1219536 | 212195364 | 教育系资料室/ [索取号:G780/1084] | 在馆 | |
| 3 | 1219537 | 212195373 | 教育系资料室/ [索取号:G780/1084] | 在馆 | |
| 4 | 1219538 | 212195382 | 第四借阅区/ [索取号:G780/1084] | 在馆 |